| 000 | 00384nam a2200145Ia 4500 | ||
|---|---|---|---|
| 008 | 231129s1994||||xx |||||||||||||| ||spa|| | ||
| 020 | _a958-9096-30-1 | ||
| 040 | _bspa | ||
| 082 | _aCo863.44 N718r | ||
| 100 | _aNiño Jairo Aníbal | ||
| 245 | 0 | _aEl rio de la vida | |
| 260 | _c1994 | ||
| 264 | _aTres Culturas Editores | ||
| 942 |
_2ddc _cBKS |
||
| 999 |
_c12336 _d12336 |
||